[Event "Titled Tuesday intern op 29th Nov Early"]
[Site "Chess.com INT"]
[Date "2022.11.29"]
[Round "7"]
[White "Sarana, Alexey"]
[Black "Shipov, Sergei"]
[Result "1-0"]
[WhiteElo "2668"]
[BlackElo "2541"]
[PlyCount "173"]
[EventDate "2022.11.29"]
[EventType "swiss (blitz)"]
[EventRounds "11"]
[EventCountry "USA"]
[SourceTitle "EXT 2024"]
[Source "ChessBase"]
[SourceDate "2023.10.10"]
[SourceVersion "1"]
[SourceVersionDate "2023.10.10"]
[SourceQuality "1"]

1. c4 Nf6 2. Nc3 c5 3. Nf3 e6 4. e4 Nc6 5. d4 cxd4 6. Nxd4 Bb4 7. Nxc6 bxc6 8. e5 Ne4 9. Qd4 Qa5 10. a3 Nxc3 11. Bd2 Nd5 12. cxd5 Bxd2+ 13. Qxd2 Qxd2+ 14. Kxd2 exd5 15. f4 a5 16. Bd3 Ba6 17. Bc2 Ke7 18. Rhe1 d6 19. Re3 Rab8 20. b3 d4 21. exd6+ Kxd6 22. Re5 Rb5 23. Rae1 Rhb8 24. Re7 R5b7 25. R7e5 Rxb3 26. Bxb3 Rxb3 27. Rxa5 Bc4 28. Re8 Rb2+ 29. Kc1 Rxg2 30. Rd8+ Kc7 31. Rxd4 Bd5 32. h4 Rg4 33. Ra7+ Kb6 34. Re7 Rxh4 35. Rb4+ Kc5 36. Re3 Rh2 37. Rc3+ Kd6 38. a4 h5 39. Ra3 Kc5 40. Rb8 h4 41. a5 Rh1+ 42. Kd2 Rh2+ 43. Ke1 Rh1+ 44. Kd2 Rh2+ 45. Kc3 Rh3+ 46. Kb2 Rh2+ 47. Ka1 Rh1+ 48. Rb1 Rxb1+ 49. Kxb1 Kb4 50. Kb2 h3 51. a6 h2 52. a7 h1Q 53. a8Q Qg2+ 54. Kc1 Qf1+ 55. Kd2 Qxf4+ 56. Ke2 Bc4+ 57. Ke1 Qf1+ 58. Kd2 Qe2+ 59. Kc1 Qe1+ 60. Kc2 Qe4+ 61. Kc1 Qf4+ 62. Kc2 Qf2+ 63. Kc1 Qe1+ 64. Kc2 Qe2+ 65. Kc1 Qf1+ 66. Kc2 Qf5+ 67. Kc1 Qg5+ 68. Kc2 Qg6+ 69. Kc1 Qh6+ 70. Kc2 Qh2+ 71. Kc1 Qg1+ 72. Kc2 Qf2+ 73. Kc1 Qf4+ 74. Kc2 Qe4+ 75. Kc1 Bb5 76. Qa5+ Kc5 77. Rc3+ Kd5 78. Qd8+ Ke6 79. Qe8+ Kf5 80. Qxf7+ Ke5 81. Qxg7+ Kd5 82. Qd7+ Ke5 83. Qe7+ Kf5 84. Rc5+ Kf4 85. Qg5+ Kf3 86. Rc3+ Bd3 87. Qd2 1-0

[Event "Titled Tuesday intern op 15th Nov Early"]
[Site "Chess.com INT"]
[Date "2022.11.15"]
[Round "9"]
[White "Kamsky, Gata"]
[Black "Shipov, Sergei"]
[Result "0-1"]
[WhiteElo "2666"]
[BlackElo "2541"]
[PlyCount "104"]
[EventDate "2022.11.15"]
[EventType "swiss (blitz)"]
[EventRounds "11"]
[EventCountry "USA"]
[SourceTitle "CBM 211 Extra"]
[Source "ChessBase"]
[SourceDate "2023.01.31"]
[SourceVersion "1"]
[SourceVersionDate "2023.01.31"]
[SourceQuality "1"]

1. d4 d5 2. Bf4 Nf6 3. e3 c5 4. c3 Nc6 5. Nd2 e6 6. Ngf3 Nh5 7. Bg3 cxd4 8. exd4 Nxg3 9. hxg3 g6 10. Ne5 Bg7 11. f4 Qb6 12. Qb3 0-0 13. Ndf3 f6 14. Nd3 Qc7 15. 0-0-0 Na5 16. Qc2 Nc4 17. Re1 b6 18. g4 Bd7 19. g3 Rac8 20. g5 Rf7 21. Bh3 f5 22. Bf1 Re7 23. Nfe5 Nd6 24. Nxd7 Qxd7 25. Ne5 Bxe5 26. Rxe5 Ne4 27. Rh3 Qd6 28. Ba6 Rxc3 29. bxc3 Qa3+ 30. Kb1 Qxa6 31. Rh1 Qc4 32. Rc1 Kf7 33. Ka1 Rc7 34. Qh2 Kg8 35. Rxe6 Nxc3 36. Qd2 b5 37. Re8+ Kf7 38. Rh8 Kg7 39. Re8 b4 40. Qh2 Kf7 41. Rh8 Ke6 42. Re8+ Kd6 43. Qh6 Qxd4 44. Qf8+ Kc6 45. Qh8 Qxh8 46. Rxh8 d4 47. Rd8 Kc5 48. Kb2 Kc4 49. Re1 a5 50. Re6 a4 51. Red6 a3+ 52. Kc2 Nxa2 0-1

[Event "Titled Tuesday intern op 15th Nov Early"]
[Site "Chess.com INT"]
[Date "2022.11.15"]
[Round "5"]
[White "Le, Tuan Minh"]
[Black "Shipov, Sergei"]
[Result "1-0"]
[WhiteElo "2542"]
[BlackElo "2541"]
[PlyCount "89"]
[EventDate "2022.11.15"]
[EventType "swiss (blitz)"]
[EventRounds "11"]
[EventCountry "USA"]
[SourceTitle "CBM 211 Extra"]
[Source "ChessBase"]
[SourceDate "2023.01.31"]
[SourceVersion "1"]
[SourceVersionDate "2023.01.31"]
[SourceQuality "1"]

1. d4 d5 2. Nf3 Nf6 3. Bf4 e6 4. e3 c5 5. c3 Nc6 6. Nbd2 Nh5 7. Be5 f6 8. Bg3 cxd4 9. exd4 g6 10. Be2 Bg7 11. 0-0 Nxg3 12. hxg3 0-0 13. Nb3 e5 14. c4 e4 15. Nfd2 f5 16. cxd5 Nb4 17. Nc4 Nxd5 18. Ne5 Kh8 19. Rc1 b6 20. Bb5 a6 21. Bc6 Ra7 22. Qd2 Be6 23. Rfe1 Qd6 24. Bxd5 Bxd5 25. Qf4 Qe6 26. Nd2 Re7 27. Nf1 Bxe5 28. dxe5 Qxe5 29. Qe3 Qxb2 30. Rb1 Qe5 31. Rxb6 Bxa2 32. Rxa6 Bc4 33. Rc6 Bxf1 34. Rxf1 Kg7 35. Rfc1 Rd8 36. R6c5 Rd5 37. Rxd5 Qxd5 38. Kh2 Rd7 39. Rc8 Qd4 40. Qf4 Qd6 41. Qg5 h6 42. Qc1 Qd4 43. Qc6 Rf7 44. Qe8 Rd7 45. Qf8+ 1-0